书目信息 |
| 题名: |
古籍版本鉴定丛谈
|
|
| 作者: | 魏隐儒 , 王金雨 编著 | |
| 分册: | ||
| 出版信息: | 北京 印刷工业出版社 1984.4 |
|
| 页数: | 196页 | |
| 开本: | 21cm | |
| 丛书名: | ||
| 单 册: | ||
| 中图分类: | G256.2 | |
| 科图分类: | ||
| 主题词: | 图书馆学 , 图书馆事业 | |
| 电子资源: | ||
| ISBN: | ||
| 000 | 00641nam0 2200229 45 | |
| 001 | 0307020860 | |
| 005 | 20031219104112.6 | |
| 010 | @dCNY2.00 | |
| 091 | @a7266.02 | |
| 100 | @a20030702d1984 km y0chiy0120 ea | |
| 101 | 0 | @achi |
| 105 | @ahk z 000yy | |
| 200 | 1 | @a古籍版本鉴定丛谈@AGu Ji Ban Ben Jian Ding Cong Tan@f魏隐儒,王金雨编著@FWei Yin Ru,Wang Jin Yu Bian Zhu |
| 210 | @a北京@c印刷工业出版社@d1984.4 | |
| 215 | @a196页@c拓本,表格@d21cm | |
| 606 | 0 | @a图书馆学 |
| 606 | 0 | @a图书馆事业 |
| 690 | @aG256.2@v3 | |
| 701 | 0 | @a魏隐儒@4编著 |
| 701 | 0 | @a王金雨@4编著 |
| 801 | @aCN@bTSTC@c20020708 | |
| 905 | @f1@b142390@dG256.2@e13 | |
| 古籍版本鉴定丛谈/魏隐儒,王金雨编著.-北京:印刷工业出版社,1984.4 |
| 196页:拓本,表格;21cm |
| ISBN :CNY2.00 |
| ● |
| 相关链接 |
|
|
|
|
正题名:古籍版本鉴定丛谈
索取号:G256.2/13
 
预约/预借
| 序号 | 登录号 | 条形码 | 馆藏地/架位号 | 状态 | 备注 |
| 1 | 0142388 | 000212825 | 密集书库/ [索取号:G256.2/13] | 在馆 | |
| 2 | 0142389 | 000212861 | 密集书库/ [索取号:G256.2/13] | 在馆 | |
| 3 | 0142390 | 001826420 | 密集书库/ [索取号:G256.2/13] | 在馆 | |
| 4 | 0142391 | 000212905 | 第一样本阅览室/ [索取号:G256.2/13] | 在馆 | |
| 5 | 0142392 | 001826466 | 密集书库/ [索取号:G256.2/13] | 在馆 |